000 00957cam a22002533a 4500
001 16244
003 PGUSA
005 20140828083339.0
008 050708s2005||||xxu|||||s|||||000 | eng d
040 _aPGUSA
_beng
042 _adc
050 4 _aPN
245 1 4 _aThe Turkish Jester ;
_bor, The Pleasantries of Cogia Nasr Eddin Effendi
_h[electronic resource]
260 _bProject Gutenberg,
_c2005
500 _aThis is a very rare work by George Borrow, English eccentric and polyglot. It's a translation of a collection of short stories about Cogia Nasr Eddin Effendi - many of which show the Cogia's wisdom.
506 _aPublic domain in the USA.
516 _aElectronic text
653 _aTurkish wit and humor -- Translations into English
653 _aNasreddin Hoca (Legendary character)
700 1 _aBorrow, George,
_d1803-1881
830 0 _aProject Gutenberg
_v16244
856 4 0 _uhttp://www.gutenberg.org/ebooks/16244
942 _cEB
999 _c245499
_d245499